Mediterranean Islands by a Clue - Statistics

General Stats
  • This quiz has been taken 178 times
  • The average score is 15 of 20
Answer Stats
Clue Letter Island % Correct
The Minoan civilization inhabited this island C Crete
98%
Smallest member of the European Union M Malta
97%
Where the term "Mafia" originated S Sicily
97%
Spanish island known for its parties I Ibiza
96%
Island whose harbor was guarded by a marvelous colossus R Rhodes
93%
The "larger one" of the Balearic Islands M Mallorca
92%
The "smaller one" of the Balearic Islands M Menorca
91%
Able was Napoleon ere he saw in this island E Elba
90%
Island home to the lyrical poet Sappho L Lesbos
90%
The last king of this island became the first king of a united Italy S Sardinia
90%
Greek island famous for its picturesque white buildings with blue roofs S Santorini
81%
Croatian island whose name has three letters and no vowels K Krk
71%
The British overseas territory of Akrotiri and Dhekelia border this island C Cyprus
68%
Home island of Odysseus I Ithaca
62%
Most populous of Greece's Ionian Islands C Corfu
60%
Its flag portrays a Moor's head in black wearing a white bandana above his eyes C Corsica
54%
Italian island home to a famous fictional Count M Montecristo
52%
Largest Mediterranean island belonging to an African nation, Tunisia that is D Djerba
46%
Venetian island known for glassblowing M Murano
36%
Largest island of Turkey I (G) Imbros (Gökçeada)
7%
No matching quizzes found
Score Distribution
Percent of People with Each Score
Percentile by Number Answered
Your Score History
You have not taken this quiz